书目信息 |
| 题名: |
国际标准书目著录
|
|
| 作者: | ;顾犇 翻译 ;国际图书馆协会和机构联盟 编 | |
| 分册: | ||
| 出版信息: | 北京 北京图书馆出版社 2008.03 |
|
| 页数: | 281页 | |
| 开本: | 29cm | |
| 丛书名: | ||
| 单 册: | ||
| 中图分类: | G251.31-65 | |
| 科图分类: | ||
| 主题词: | 编目规则--bian mu gui ze--国际标准 | |
| 电子资源: | ||
| ISBN: | 978-7-5013-3565-7 | |
| 000 | 01090nam0 2200289 450 | |
| 001 | 012010048766 | |
| 005 | 20100106164315.10 | |
| 010 | @a978-7-5013-3565-7@dCNY60.00 | |
| 100 | @a20100106d2008 em y0chiy0120 ea | |
| 101 | 1 | @achi@aeng |
| 102 | @aCN@b110000 | |
| 105 | @ay z 000yy | |
| 106 | @ar | |
| 200 | 1 | @a国际标准书目著录@Aguo ji biao zhun shu mu zhu lu@e统一版@f顾犇翻译@Fgu ben fan yi |
| 210 | @a北京@c北京图书馆出版社@d2008.03 | |
| 215 | @a281页@d29cm | |
| 300 | @aISBD评估组推荐, 提交国际图联编目组常设委员会通过, 2007年4月 | |
| 312 | @a英文并列题名取自封面 | |
| 314 | @a责任者取自版权页 | |
| 330 | @a本书主要内容包括:著录单元说明,题名和责任说明项,版本项,资料或资源类型特殊项,出版、制作、发行等项,载体形态项等。 | |
| 510 | 1 | @aInternational stazndard bibliographic description@zeng |
| 606 | 0 | @a编目规则@Abian mu gui ze@j国际标准 |
| 690 | @aG251.31-65@v4 | |
| 702 | 0 | @a顾犇@Agu ben@4翻译 |
| 711 | 02 | @a国际图书馆协会和机构联盟@Aguo ji tu shu guan xie hui he ji gou lian meng@4编 |
| 801 | 0 | @aCN@bQSSK@c20100106 |
| 905 | @b771759@dG251.31-65@eG485@f1 | |
| 国际标准书目著录:统一版/顾犇翻译.-北京:北京图书馆出版社,2008.03 |
| 281页;29cm |
| ISBD评估组推荐, 提交国际图联编目组常设委员会通过, 2007年4月 |
| ISBN 978-7-5013-3565-7:CNY60.00 |
| 本书主要内容包括:著录单元说明,题名和责任说明项,版本项,资料或资源类型特殊项,出版、制作、发行等项,载体形态项等。 |
| ● |
| 相关链接 |
|
|
|
正题名:国际标准书目著录
索取号:G251.31-65/G485
 
预约/预借
| 序号 | 登录号 | 条形码 | 馆藏地/架位号 | 状态 | 备注 |
| 1 | 771759 | 207717595 | 社科库409/409社科库 59排2列2层/ [索取号:G251.31-65/G485] | 在馆 |